[Event "Belgrade-chT Quality"]
[Site "Belgrade"]
[Date "2022.10.04"]
[Round "4.3"]
[White "Petkovic, Jovan"]
[Black "Kovacevic, Predrag"]
[Result "0-1"]
[WhiteElo "2163"]
[BlackElo "2321"]
[PlyCount "84"]
[EventDate "2022.10.01"]
[EventType "team-tourn"]
[EventRounds "11"]
[EventCountry "SRB"]
[SourceTitle "CBM 210 Extra"]
[Source "ChessBase"]
[SourceDate "2022.11.30"]
[SourceVersion "1"]
[SourceVersionDate "2022.11.30"]
[SourceQuality "1"]
[WhiteTeam "Belgrade Mirijevo"]
[BlackTeam "Belgrade Mladenovac"]
[WhiteTeamCountry "SRB"]
[BlackTeamCountry "SRB"]

1. d4 g6 2. c4 Nf6 3. g3 c6 4. Bg2 Bg7 5. Nf3 0-0 6. 0-0 d6 7. Nc3 Nbd7 8. h3 e5 9. e4 a6 10. a4 a5 11. Be3 Re8 12. Qc2 exd4 13. Nxd4 Nc5 14. Rad1 Qe7 15. Rfe1 Bd7 16. f3 Rad8 17. Qf2 Bc8 18. Kh2 Nfd7 19. f4 Nb6 20. b3 Nbd7 21. Qc2 Na6 22. Na2 Ndc5 23. Bf2 Qc7 24. Re2 Re7 25. Rde1 Rde8 26. Nc1 Nb4 27. Qd2 f5 28. exf5 gxf5 29. Bf3 Ne4 30. Bxe4 fxe4 31. f5 d5 32. Qg5 Qd6 33. cxd5 Nxd5 34. Nc2 Qf6 35. Qxf6 Bxf6 36. Bc5 Rf7 37. Rxe4 Rxe4 38. Rxe4 Bxf5 39. Re8+ Kg7 40. Nd4 Bd7 41. Ne6+ Kh6 42. Bf8+ Kg6 0-1

[Event "Belgrade-chT Quality"]
[Site "Belgrade"]
[Date "2022.10.01"]
[Round "1.3"]
[White "Kovacic, Misa"]
[Black "Petkovic, Jovan"]
[Result "1/2-1/2"]
[WhiteElo "2153"]
[BlackElo "2163"]
[PlyCount "84"]
[EventDate "2022.10.01"]
[EventType "team-tourn"]
[EventRounds "11"]
[EventCountry "SRB"]
[SourceTitle "CBM 210 Extra"]
[Source "ChessBase"]
[SourceDate "2022.11.30"]
[SourceVersion "1"]
[SourceVersionDate "2022.11.30"]
[SourceQuality "1"]
[WhiteTeam "Belgrade PTT"]
[BlackTeam "Belgrade Mirijevo"]
[WhiteTeamCountry "SRB"]
[BlackTeamCountry "SRB"]

1. c4 Nf6 2. Nc3 g6 3. g3 Bg7 4. Bg2 0-0 5. Nf3 d6 6. d4 Nc6 7. 0-0 Bf5 8. d5 Na5 9. Nd4 Bd7 10. Qd3 c5 11. dxc6 Nxc6 12. Nxc6 Bxc6 13. e4 Rc8 14. Rb1 Nd7 15. Bd2 a6 16. Rfc1 Kh8 17. Nd5 b5 18. cxb5 Bxb5 19. Qa3 Ne5 20. Ba5 Qd7 21. Nb6 Rxc1+ 22. Rxc1 Qa7 23. Bf1 Bxf1 24. Kxf1 Qb7 25. Qe3 h5 26. Bc3 Ng4 27. Bxg7+ Kxg7 28. Qc3+ e5 29. Qc6 Qe7 30. h3 Nf6 31. Nd5 Nxd5 32. Qxd5 f5 33. exf5 Rxf5 34. Rc8 Rf7 35. Rc2 Qb7 36. Qxb7 Rxb7 37. b3 Rb6 38. Ke2 Kf6 39. Kd3 Kf5 40. Rc8 Ke6 41. Rg8 Kf7 42. Rc8 Ke6 1/2-1/2

[Event "SRB-ch Blitz"]
[Site "Paracin"]
[Date "2022.06.05"]
[Round "13"]
[White "Atalik, Suat"]
[Black "Petkovic, Jovan"]
[Result "1-0"]
[WhiteElo "2454"]
[BlackElo "2163"]
[PlyCount "93"]
[EventDate "2022.06.05"]
[EventType "swiss (blitz)"]
[EventRounds "13"]
[EventCountry "SRB"]
[SourceTitle "CBM 208 Extra"]
[Source "ChessBase"]
[SourceDate "2022.07.31"]
[SourceVersion "1"]
[SourceVersionDate "2022.07.31"]
[SourceQuality "1"]

1. d4 Nf6 2. c4 g6 3. Nc3 Bg7 4. e4 d6 5. f3 0-0 6. Nge2 c5 7. d5 e6 8. Ng3 exd5 9. cxd5 h5 10. Bg5 Qb6 11. Qd2 Nbd7 12. Be2 Nh7 13. Bh4 Bf6 14. Bxf6 Ndxf6 15. Nf1 a6 16. Ne3 Qc7 17. Rc1 b5 18. b4 c4 19. a4 Bd7 20. Qd4 Qa7 21. Qxa7 Rxa7 22. Ra1 Rfa8 23. Kd2 h4 24. h3 Nh5 25. Rhb1 Nf4 26. Rb2 Nxe2 27. Nxe2 bxa4 28. Nxc4 Rb8 29. Nxd6 Kf8 30. Nd4 Ke7 31. Nc4 Rab7 32. Na5 Rb6 33. Nac6+ Kd6 34. Nxb8 Rxb8 35. Nc6 Bxc6 36. dxc6 Kxc6 37. Rxa4 Kb5 38. Rba2 Rd8+ 39. Ke3 Nf6 40. Rxa6 Nh5 41. R2a5+ Kxb4 42. Rxh5 gxh5 43. Rh6 Kc3 44. Rxh5 Rd3+ 45. Kf4 Rd2 46. Rxh4 Rxg2 47. Rh7 1-0

[Event "Belgrade Premier League"]
[Site "Belgrade"]
[Date "2021.10.04"]
[Round "4.4"]
[White "Stankovic, Boris"]
[Black "Petkovic, Jovan"]
[Result "1-0"]
[WhiteElo "2145"]
[BlackElo "2021"]
[PlyCount "113"]
[EventDate "2021.10.01"]
[EventType "team-tourn"]
[EventRounds "11"]
[EventCountry "SRB"]
[SourceTitle "CBM 204 Extra"]
[Source "ChessBase"]
[SourceDate "2021.11.30"]
[SourceVersion "1"]
[SourceVersionDate "2021.11.30"]
[SourceQuality "1"]
[WhiteTeam "Grocka"]
[BlackTeam "Mirijevo"]
[WhiteTeamCountry "SRB"]
[BlackTeamCountry "SRB"]

1. e4 c5 2. Nf3 e6 3. d4 cxd4 4. Nxd4 Nc6 5. Nc3 a6 6. Be2 Qc7 7. 0-0 Nf6 8. Nxc6 bxc6 9. Bd3 Bb4 10. Qf3 0-0 11. Bg5 Qe5 12. Bf4 Qh5 13. Qxh5 Nxh5 14. Bd2 d5 15. e5 g6 16. g4 Ng7 17. Rad1 Rb8 18. a3 Be7 19. b4 f6 20. Bf4 f5 21. gxf5 Nxf5 22. Ne2 c5 23. c3 c4 24. Bxf5 Rxf5 25. Bg3 Bd7 26. Nd4 Rff8 27. Kg2 Rb7 28. f4 Ra8 29. Kh3 a5 30. Bh4 Bf8 31. Bf6 axb4 32. axb4 Ra3 33. Rf3 Ra2 34. Kg3 Rba7 35. h4 Rb2 36. Rdf1 Rd2 37. R1f2 Rd1 38. Rb2 Rg1+ 39. Kh2 Raa1 40. Ne2 Rgb1 41. Rxb1 Rxb1 42. Kg2 Rb2 43. Rf2 Rc2 44. Kf3 Ra2 45. Ke3 Rc2 46. Rf1 Ra2 47. Rb1 Kf7 48. Nd4 Ba4 49. b5 Bc5 50. b6 Rc2 51. b7 Rxc3+ 52. Ke2 Ba7 53. b8Q Bxb8 54. Rb7+ Kg8 55. Rg7+ Kf8 56. Nxe6+ Ke8 57. Re7# 1-0

[Event "Belgrade Premier League"]
[Site "Belgrade"]
[Date "2021.10.01"]
[Round "1.5"]
[White "Petkovic, Jovan"]
[Black "Stojanovic, Zoran H"]
[Result "1-0"]
[WhiteElo "2021"]
[BlackElo "2071"]
[PlyCount "57"]
[EventDate "2021.10.01"]
[EventType "team-tourn"]
[EventRounds "11"]
[EventCountry "SRB"]
[SourceTitle "CBM 204 Extra"]
[Source "ChessBase"]
[SourceDate "2021.11.30"]
[SourceVersion "1"]
[SourceVersionDate "2021.11.30"]
[SourceQuality "1"]
[WhiteTeam "Mirijevo"]
[BlackTeam "Belgrade Partizan"]
[WhiteTeamCountry "SRB"]
[BlackTeamCountry "SRB"]

1. d4 c5 2. d5 f5 3. e4 d6 4. Nc3 Nf6 5. exf5 Bxf5 6. Bd3 Bg4 7. Be2 Bf5 8. Nf3 e5 9. dxe6 Bxe6 10. 0-0 Be7 11. Ng5 Bg8 12. Re1 Nc6 13. Bf4 Qd7 14. a3 0-0-0 15. b4 Nd4 16. Nb5 h6 17. Nf3 Nxe2+ 18. Qxe2 Nd5 19. Bg3 a6 20. c4 axb5 21. cxd5 Bf6 22. Rac1 b6 23. bxc5 bxc5 24. Bxd6 c4 25. Rxc4+ bxc4 26. Qxc4+ Kb7 27. Rb1+ Ka8 28. Bc7 Qxc7 29. Qxc7 1-0

[Event "SRB-ch U16"]
[Site "Subotica"]
[Date "2021.05.05"]
[Round "4"]
[White "Petkovic, Jovan"]
[Black "Gagic, Milan A"]
[Result "0-1"]
[WhiteElo "2029"]
[BlackElo "2166"]
[PlyCount "116"]
[EventDate "2021.05.03"]
[EventType "swiss"]
[EventRounds "9"]
[EventCountry "SRB"]
[SourceTitle "EXT 2022"]
[Source "ChessBase"]
[SourceDate "2021.10.06"]
[SourceVersion "1"]
[SourceVersionDate "2021.10.06"]
[SourceQuality "1"]

1. e4 d5 2. exd5 Nf6 3. d4 Bg4 4. Be2 Bxe2 5. Nxe2 Qxd5 6. 0-0 Nc6 7. c3 0-0-0 8. Qb3 e5 9. c4 Qd7 10. d5 Nd4 11. Nxd4 exd4 12. Qd3 Qg4 13. Nd2 Bd6 14. h3 Qh5 15. Qxd4 b6 16. Nf3 Rhe8 17. Bg5 h6 18. Bxf6 gxf6 19. Qg4+ Qxg4 20. hxg4 Re4 21. b3 Rxg4 22. Nh2 Rg6 23. Rfe1 Rdg8 24. g3 f5 25. Kg2 f4 26. Nf1 h5 27. Nd2 h4 28. Rh1 hxg3 29. f3 Re8 30. Rae1 Re3 31. Ne4 Bb4 32. Rxe3 fxe3 33. a3 Bxa3 34. Nc3 f5 35. Ne2 Bd6 36. f4 Rg4 37. Kf3 Kb7 38. Rg1 Rh4 39. Rg2 Rh1 40. Nxg3 Rb1 41. Nxf5 Bc5 42. Nxe3 Rxb3 43. Re2 a5 44. Ke4 a4 45. Nd1 a3 46. f5 Bb4 47. Ra2 Rb1 48. Ne3 Rb2 49. Ra1 Bc5 50. Nd1 Rd2 51. Nc3 Rd4+ 52. Ke5 Rxc4 53. Nb5 Rb4 54. Rxa3 Rxb5 55. Rf3 Bd6+ 56. Ke6 Rb4 57. f6 Rf4 58. Re3 b5 0-1

[Event "SRB-ch U16"]
[Site "Subotica"]
[Date "2021.05.04"]
[Round "3"]
[White "Petkovic, Jovan"]
[Black "Ivanovic, Strahinja"]
[Result "1-0"]
[WhiteElo "2029"]
[BlackElo "1406"]
[PlyCount "67"]
[EventDate "2021.05.03"]
[EventType "swiss"]
[EventRounds "9"]
[EventCountry "SRB"]
[SourceTitle "EXT 2022"]
[Source "ChessBase"]
[SourceDate "2021.10.06"]
[SourceVersion "1"]
[SourceVersionDate "2021.10.06"]
[SourceQuality "1"]

1. e4 c5 2. Nf3 d6 3. d4 cxd4 4. Nxd4 Nf6 5. f3 g6 6. c4 Bg7 7. Be3 Nc6 8. Nc3 a6 9. Be2 Bd7 10. 0-0 0-0 11. Qd2 h5 12. Rac1 Kh7 13. Rfd1 Ne5 14. Nd5 Nxd5 15. cxd5 h4 16. h3 f5 17. Bg5 fxe4 18. fxe4 Nf7 19. Be3 Rb8 20. Rc2 Rc8 21. Rxc8 Qxc8 22. Rc1 Qd8 23. a4 Bxd4 24. Qxd4 Ne5 25. Qb4 Bc8 26. Bg5 Kg7 27. Bxh4 Rh8 28. Bg5 Bxh3 29. gxh3 Rxh3 30. Rc3 Qh8 31. Rxh3 Qxh3 32. Qc3 Qxc3 33. bxc3 Kf7 34. Kf2 1-0

[Event "Belgrade Spring op"]
[Site "Belgrade"]
[Date "2021.04.03"]
[Round "2"]
[White "Petkovic, Jovan"]
[Black "Kaasen, Tor Fredrik"]
[Result "1/2-1/2"]
[WhiteElo "2083"]
[BlackElo "2397"]
[PlyCount "168"]
[EventDate "2021.04.02"]
[EventType "swiss"]
[EventRounds "9"]
[EventCountry "SRB"]
[SourceTitle "CBM 202 Extra"]
[Source "ChessBase"]
[SourceDate "2021.07.31"]
[SourceVersion "1"]
[SourceVersionDate "2021.07.31"]
[SourceQuality "1"]

1. e4 c5 2. c3 Nf6 3. e5 Nd5 4. Nf3 e6 5. d4 cxd4 6. cxd4 d6 7. a3 Bd7 8. Bd3 Bc6 9. 0-0 Be7 10. Bd2 Nd7 11. Nc3 Qb6 12. Nxd5 Bxd5 13. Bc3 0-0 14. Re1 a5 15. h4 dxe5 16. Nxe5 Rad8 17. Nxd7 Rxd7 18. Re3 Bf6 19. Rg3 Rc8 20. Qd2 g6 21. h5 Bc4 22. hxg6 hxg6 23. d5 Bxc3 24. Qxc3 exd5 25. Bf5 d4 26. Qc1 Qc7 27. Bxd7 Qxd7 28. Qd2 a4 29. Rh3 f6 30. Re1 d3 31. Rhe3 Rf8 32. Re7 Qc6 33. Qh6 Bf7 34. Qd2 Qc2 35. Rd1 Bb3 36. Ree1 Qxd2 37. Rxd2 Bc4 38. Re7 b5 39. f3 Rd8 40. Kf2 Kf8 41. Re4 f5 42. Rh4 Kg7 43. g4 Kf6 44. gxf5 Kxf5 45. Ke3 g5 46. Rg4 Re8+ 47. Re4 Rh8 48. Rg2 Rh1 49. Reg4 Re1+ 50. Kd2 Re2+ 51. Rxe2 dxe2 52. Rd4 Ke5 53. Re4+ Kf5 54. Rg4 Kf6 55. Rg1 Kf5 56. Ke3 Kf6 57. Ke4 Bb3 58. Rh1 Bc4 59. Re1 Ke6 60. Rg1 Kf6 61. Rh1 Ke6 62. Ke3 Kf5 63. Kf2 Kf4 64. Rg1 Kf5 65. Rg4 Bd3 66. Rd4 Bc4 67. Rd8 Ke5 68. Rf8 Bd3 69. Re8+ Kf5 70. Rc8 Bc4 71. Rf8+ Ke5 72. Rd8 Kf5 73. Rd4 Ke5 74. Re4+ Kf5 75. Kg3 Bd3 76. Re3 Bc4 77. Kf2 Kf4 78. Re4+ Kf5 79. Rg4 Bd3 80. Rg1 Kf4 81. Rg4+ Kf5 82. Rg1 Kf4 83. Rg4+ Kf5 84. Rg1 Ke5 1/2-1/2

[Event "Belgrade Trophy 34th"]
[Site "Belgrade"]
[Date "2020.11.25"]
[Round "2"]
[White "Milosevic, Milos"]
[Black "Petkovic, Jovan"]
[Result "1-0"]
[WhiteElo "2300"]
[BlackElo "2045"]
[PlyCount "53"]
[EventDate "2020.11.24"]
[EventType "swiss"]
[EventRounds "9"]
[EventCountry "SRB"]
[SourceTitle "CBM 199 Extra"]
[Source "ChessBase"]
[SourceDate "2021.01.31"]
[SourceVersion "1"]
[SourceVersionDate "2021.01.31"]
[SourceQuality "1"]

1. d4 Nf6 2. Nf3 e6 3. Bg5 Be7 4. Nbd2 d5 5. e3 b6 6. Bd3 Bb7 7. Ne5 0-0 8. Qf3 Nbd7 9. Qh3 g6 10. Bh6 Re8 11. f4 Rc8 12. Ndf3 Ne4 13. 0-0 a6 14. Nxf7 Kxf7 15. Ne5+ Nxe5 16. fxe5+ Kg8 17. Qxe6+ Kh8 18. Rf7 Bf6 19. Qh3 Re7 20. Rxf6 Nxf6 21. exf6 Rf7 22. Bxg6 Qxf6 23. Bxf7 Qxf7 24. Rf1 Qg6 25. Bf4 Rf8 26. Rf3 Re8 27. Be5+ 1-0

[Event "Paracin Summer op"]
[Site "Paracin"]
[Date "2020.07.09"]
[Round "8"]
[White "Petkovic, Jovan"]
[Black "Pantic, Ivica"]
[Result "1-0"]
[WhiteElo "1980"]
[BlackElo "2131"]
[PlyCount "101"]
[EventDate "2020.07.03"]
[EventType "swiss"]
[EventRounds "9"]
[EventCountry "SRB"]
[SourceTitle "CBM 197 Extra"]
[Source "ChessBase"]
[SourceDate "2020.09.30"]
[SourceVersion "1"]
[SourceVersionDate "2020.09.30"]
[SourceQuality "1"]

1. e4 Nf6 2. e5 Nd5 3. d4 d6 4. c4 Nb6 5. f4 Bf5 6. Nc3 dxe5 7. fxe5 Nc6 8. Nf3 Nb4 9. Kf2 Nc2 10. Rb1 c5 11. d5 Nb4 12. Ra1 e6 13. dxe6 Bxe6 14. b3 Qxd1 15. Nxd1 0-0-0 16. Nc3 h6 17. Be2 g5 18. h3 Nc2 19. Rb1 Bg7 20. Nb5 Kb8 21. Bb2 Nb4 22. Nc3 Nc6 23. Rbe1 Nxe5 24. Nd1 Nbd7 25. Kg3 Rhg8 26. Rhf1 Nc6 27. Bxg7 Rxg7 28. Nc3 Ne7 29. Bd3 g4 30. hxg4 Rxg4+ 31. Kf2 Rdg8 32. Rg1 Nf6 33. Re5 Rd4 34. Ke2 Bg4 35. Rd1 Ng6 36. Rxc5 Nf4+ 37. Ke3 Bxf3 38. gxf3 Ne6 39. Rf5 Rg6 40. Nd5 Ne8 41. Rxf7 Rg5 42. Rh1 Re5+ 43. Be4 Nd6 44. Rf8+ Nxf8 45. Kxd4 Re6 46. Nf4 Rf6 47. Nh5 Nf5+ 48. Ke5 Nd7+ 49. Kf4 Ng7+ 50. Nxf6 Nxf6 51. Rxh6 1-0

[Event "Belgrade-chT Quality"]
[Site "Belgrade"]
[Date "2019.10.29"]
[Round "9.3"]
[White "Dakic, Dejan"]
[Black "Petkovic, Jovan"]
[Result "1/2-1/2"]
[WhiteElo "2017"]
[BlackElo "1807"]
[PlyCount "108"]
[EventDate "2019.10.05"]
[EventType "team-tourn"]
[EventRounds "11"]
[EventCountry "SRB"]
[SourceTitle "EXT 2022"]
[Source "ChessBase"]
[SourceDate "2021.10.06"]
[SourceVersion "1"]
[SourceVersionDate "2021.10.06"]
[SourceQuality "1"]
[WhiteTeam "Cukaricki"]
[BlackTeam "Delfin"]
[WhiteTeamCountry "SRB"]
[BlackTeamCountry "SRB"]

1. e4 e5 2. Nf3 Nc6 3. Bb5 a6 4. Ba4 Nf6 5. d3 d6 6. h3 b5 7. Bb3 Na5 8. 0-0 Be7 9. Nbd2 0-0 10. Re1 c5 11. c3 Nxb3 12. Nxb3 Bb7 13. Qe2 Re8 14. Nbd2 Bf8 15. Nf1 h6 16. Ng3 d5 17. a4 d4 18. axb5 axb5 19. Rxa8 Qxa8 20. Nf5 Qa2 21. cxd4 cxd4 22. Nh2 Bb4 23. Rf1 Bc8 24. Ng3 g5 25. Nh5 Nxh5 26. Qxh5 Bf8 27. h4 Qe6 28. hxg5 hxg5 29. Bxg5 Qg6 30. Qh4 Bg7 31. g4 f6 32. Bd2 f5 33. f3 f4 34. Rc1 Bf6 35. Qh3 Be7 36. Kf2 Kg7 37. Rc7 Qb6 38. Qh5 Qxc7 39. Qxe8 b4 40. Qb5 Bd7 41. Qc4 Qxc4 42. dxc4 Ba4 43. Ke2 Bc2 44. Be1 b3 45. Ba5 Ba3 46. Kd2 Bxb2 47. c5 Ba3 48. c6 d3 49. Bc3 Bb4 50. c7 b2 51. c8Q Bxc3+ 52. Qxc3 b1Q 53. Qxe5+ Kg8 54. Qe8+ Kg7 1/2-1/2

[Event "Belgrade Trophy 32nd"]
[Site "Belgrade"]
[Date "2018.11.26"]
[Round "3"]
[White "Petkovic, Jovan"]
[Black "Poleksic, Dusan"]
[Result "0-1"]
[WhiteElo "1853"]
[BlackElo "2018"]
[PlyCount "110"]
[EventDate "2018.11.24"]
[EventType "swiss"]
[EventRounds "9"]
[EventCountry "SRB"]
[SourceTitle "CBM 187 Extra"]
[Source "ChessBase"]
[SourceDate "2018.11.04"]
[SourceVersion "1"]
[SourceVersionDate "2018.11.04"]
[SourceQuality "1"]

1. e4 c5 2. c3 Nf6 3. e5 Nd5 4. Qb3 e6 5. Nf3 Nc6 6. d4 cxd4 7. cxd4 Bb4+ 8. Bd2 Qb6 9. Bxb4 Ncxb4 10. Nbd2 Qc6 11. Bc4 a5 12. a4 Nc7 13. Rc1 b5 14. axb5 Nxb5 15. 0-0 Ba6 16. Bxb5 Qxb5 17. Rc5 Qb6 18. Nc4 Bxc4 19. Rxc4 0-0 20. Rfc1 Nd5 21. Qxb6 Nxb6 22. Rc7 Rfc8 23. Nd2 Kf8 24. Rxc8+ Rxc8 25. Rxc8+ Nxc8 26. Nb3 a4 27. Nc5 Nb6 28. Kf1 Ke7 29. Ke2 d6 30. exd6+ Kxd6 31. Kd3 Kc6 32. Kc3 Kb5 33. g3 Nd5+ 34. Kd3 Kb4 35. Na6+ Kb3 36. Nc5+ Kxb2 37. Nxa4+ Kc1 38. Nc3 Nxc3 39. Kxc3 Kd1 40. Kd3 f5 41. h3 g5 42. f3 h5 43. Ke3 Ke1 44. f4 g4 45. hxg4 hxg4 46. d5 exd5 47. Kd4 Kf2 48. Ke5 Kxg3 49. Kxf5 Kh4 50. Ke6 g3 51. f5 g2 52. f6 g1Q 53. f7 Qf2 54. Ke7 d4 55. f8Q Qxf8+ 0-1

[Event "Belgrade Trophy 31st"]
[Site "Belgrade"]
[Date "2017.11.25"]
[Round "2"]
[White "Lundin, Jan"]
[Black "Petkovic, Jovan"]
[Result "1-0"]
[WhiteElo "2299"]
[BlackElo "1718"]
[PlyCount "87"]
[EventDate "2017.11.24"]
[EventType "swiss"]
[EventRounds "9"]
[EventCountry "SRB"]
[SourceTitle "CBM 181 Extra"]
[Source "ChessBase"]
[SourceDate "2017.12.12"]
[SourceVersion "1"]
[SourceVersionDate "2017.12.12"]
[SourceQuality "1"]

1. f4 d5 2. Nf3 Nc6 3. e3 Nf6 4. Bb5 Bd7 5. b3 a6 6. Bxc6 Bxc6 7. Bb2 e6 8. Nc3 Bd6 9. 0-0 0-0 10. Ne2 Bb5 11. a4 Bxe2 12. Qxe2 c5 13. Kh1 Rb8 14. d3 b5 15. axb5 axb5 16. Ra6 Be7 17. Rfa1 Nd7 18. e4 Bf6 19. Bxf6 Nxf6 20. e5 Nd7 21. Qe1 Qc7 22. h3 Rfc8 23. c4 bxc4 24. bxc4 dxc4 25. dxc4 Rb4 26. f5 Re8 27. f6 gxf6 28. Ra7 Rb7 29. exf6 Nxf6 30. Rxb7 Qxb7 31. Qg3+ Kf8 32. Qe5 Qe7 33. Ng5 h6 34. Ne4 Ng8 35. Rf1 Rd8 36. Nxc5 Qd6 37. Qxe6 Qe7 38. Qf5 Ra8 39. Ne6+ Ke8 40. Qb5+ Qd7 41. Nc7+ Kd8 42. Qxd7+ Kxd7 43. Rxf7+ Kd8 44. Nxa8 1-0